[Event "Balatonbereny op"]
[Site "Balatonbereny"]
[Date "1993.??.??"]
[Round "8"]
[White "Graf, Juergen"]
[Black "Zoister, Stefan"]
[Result "1-0"]
[WhiteElo "2440"]
[BlackElo "2070"]
[PlyCount "55"]
[EventDate "1993.09.??"]
[EventType "swiss"]
[EventRounds "9"]
[EventCountry "HUN"]
[SourceTitle "EXT 1997"]
[Source "ChessBase"]
[SourceDate "1996.11.15"]
[SourceVersion "1"]
[SourceVersionDate "1996.11.15"]
[SourceQuality "1"]

1. e4 c6 2. d4 d5 3. Nc3 dxe4 4. Nxe4 Nf6 5. Nc3 e6 6. Nf3 Be7 7. Bc4 Nbd7 8. 0-0 0-0 9. Ne2 c5 10. c3 cxd4 11. Nexd4 a6 12. Bb3 e5 13. Bxf7+ Rxf7 14. Ne6 Qa5 15. Nfg5 Nf8 16. Nxf7 Bxe6 17. Ng5 Bc4 18. Re1 Ng6 19. b3 Rd8 20. Qc2 Bd3 21. Qb2 e4 22. b4 Qf5 23. Be3 Ne5 24. Rad1 Nc4 25. Qb3 Ng4 26. Rxd3 exd3 27. Qxc4+ Qd5 28. Qxg4 1-0

[Event "Balatonbereny op"]
[Site "Balatonbereny"]
[Date "1993.??.??"]
[Round "5"]
[White "Nagy, Robert"]
[Black "Graf, Juergen"]
[Result "1-0"]
[WhiteElo "2225"]
[BlackElo "2440"]
[PlyCount "88"]
[EventDate "1993.09.??"]
[EventType "swiss"]
[EventRounds "9"]
[EventCountry "HUN"]
[SourceTitle "EXT 1997"]
[Source "ChessBase"]
[SourceDate "1996.11.15"]
[SourceVersion "1"]
[SourceVersionDate "1996.11.15"]
[SourceQuality "1"]

1. e4 d5 2. exd5 Nf6 3. d4 Nxd5 4. c4 Nb6 5. Nf3 c6 6. Bf4 Bf5 7. Nc3 e6 8. Be2 Be7 9. 0-0 0-0 10. Qd2 Bb4 11. a3 Bxc3 12. Qxc3 N8d7 13. a4 Nf6 14. a5 Nbd7 15. Bd3 Bxd3 16. Qxd3 b6 17. Rfb1 h6 18. h3 Qc8 19. g4 g5 20. Bd6 Re8 21. Kh2 c5 22. d5 exd5 23. cxd5 Ne4 24. Bg3 Nxg3 25. fxg3 c4 26. Qd2 Qc5 27. Re1 b5 28. Kg2 a6 29. h4 f6 30. hxg5 fxg5 31. Re6 Rxe6 32. dxe6 Nf6 33. Qc2 Kg7 34. Re1 Qd5 35. Qf5 Re8 36. Re5 Qd1 37. e7 Qd3 38. Qe6 Qc2+ 39. Kh3 Qf2 40. Nxg5 hxg5 41. Rxg5+ Kh6 42. Rf5 Rh8 43. e8Q Kg7+ 44. Qxh8+ Kxh8 1-0

[Event "Bundesliga 9091"]
[Site "Germany"]
[Date "1991.??.??"]
[Round "?.3"]
[White "Graf, Juergen"]
[Black "Marinkovic, Ivan"]
[Result "1-0"]
[WhiteElo "2430"]
[BlackElo "2455"]
[PlyCount "81"]
[EventDate "1990.10.06"]
[EventType "team-tourn"]
[EventRounds "15"]
[EventCountry "GER"]
[SourceTitle "GER-chT"]
[Source "ChessBase"]
[SourceDate "1999.07.01"]
[SourceVersion "1"]
[SourceVersionDate "1999.07.01"]
[SourceQuality "1"]
[WhiteTeam "Kirchheim"]
[BlackTeam "Sindelfingen"]
[WhiteTeamCountry "GER"]
[BlackTeamCountry "GER"]

1. d4 Nf6 2. Nf3 g6 3. c4 Bg7 4. Nc3 d5 5. cxd5 Nxd5 6. e4 Nxc3 7. bxc3 Nc6 8. Be2 b6 9. 0-0 0-0 10. Be3 e5 11. Rc1 Qe7 12. Qa4 Bb7 13. Rfd1 h6 14. d5 Nd8 15. Qb4 Qf6 16. a4 Bc8 17. Nd2 Nb7 18. c4 c5 19. dxc6 Qxc6 20. Qb5 Qc7 21. Nb3 Be6 22. c5 Nxc5 23. Bxc5 bxc5 24. Nxc5 Qe7 25. Nxe6 Qxe6 26. Bc4 Qf6 27. Rd7 Rad8 28. Bd5 a6 29. Qb7 Rxd7 30. Qxd7 Qf4 31. Rc7 h5 32. h3 Bh6 33. Qd6 Kg7 34. g3 Qf6 35. Qxf6+ Kxf6 36. Ra7 Bd2 37. Rxa6+ Kg7 38. Ra7 g5 39. a5 Bc3 40. a6 Bd4 41. Rd7 1-0

[Event "Bundesliga 9091"]
[Site "Germany"]
[Date "1991.??.??"]
[Round "?.3"]
[White "Ostl, Andreas"]
[Black "Graf, Juergen"]
[Result "1-0"]
[WhiteElo "2325"]
[BlackElo "2430"]
[PlyCount "85"]
[EventDate "1990.10.06"]
[EventType "team-tourn"]
[EventRounds "15"]
[EventCountry "GER"]
[SourceTitle "GER-chT"]
[Source "ChessBase"]
[SourceDate "1999.07.01"]
[SourceVersion "1"]
[SourceVersionDate "1999.07.01"]
[SourceQuality "1"]
[WhiteTeam "Heidelberg"]
[BlackTeam "Kirchheim"]
[WhiteTeamCountry "GER"]
[BlackTeamCountry "GER"]

1. Nf3 Nf6 2. g3 d5 3. Bg2 c6 4. b3 Bf5 5. Bb2 e6 6. 0-0 h6 7. d3 Be7 8. c4 0-0 9. Nbd2 Nbd7 10. Qc2 a5 11. a3 Bh7 12. Bc3 b5 13. Rfc1 Qb8 14. cxd5 cxd5 15. b4 Rc8 16. bxa5 e5 17. Qb2 e4 18. dxe4 dxe4 19. Nd4 Nd5 20. Nxe4 Nxc3 21. Nxc3 Ra6 22. Qxb5 Qxb5 23. Ncxb5 Rc5 24. Rxc5 Nxc5 25. Nc6 Bf6 26. Rd1 Be4 27. Nba7 Bxg2 28. Kxg2 Bb2 29. Rb1 Bxa3 30. Kf3 f6 31. Rb6 Rxb6 32. axb6 Nb7 33. Ke4 Bc5 34. Nc8 Kf7 35. e3 Ke6 36. g4 g6 37. Nb8 Nd8 38. h3 Nb7 39. Na6 Ba3 40. Kd4 Na5 41. Nc5+ Bxc5+ 42. Kxc5 Kd7 43. Nd6 1-0

[Event "Bundesliga 9091"]
[Site "Germany"]
[Date "1991.??.??"]
[Round "?.3"]
[White "Vaganian, Rafael A"]
[Black "Graf, Juergen"]
[Result "1/2-1/2"]
[WhiteElo "2585"]
[BlackElo "2430"]
[PlyCount "91"]
[EventDate "1990.10.06"]
[EventType "team-tourn"]
[EventRounds "15"]
[EventCountry "GER"]
[SourceTitle "GER-chT"]
[Source "ChessBase"]
[SourceDate "1999.07.01"]
[SourceVersion "1"]
[SourceVersionDate "1999.07.01"]
[SourceQuality "1"]
[WhiteTeam "Koeln Porz"]
[BlackTeam "Kirchheim"]
[WhiteTeamCountry "GER"]
[BlackTeamCountry "GER"]

1. Nf3 Nf6 2. c4 g6 3. g3 Bg7 4. Bg2 0-0 5. 0-0 c5 6. d4 cxd4 7. Nxd4 Nc6 8. Nc2 d6 9. Nc3 Be6 10. b3 Qd7 11. Bb2 Bh3 12. f3 Bxg2 13. Kxg2 Rfd8 14. e4 e6 15. Qe1 a6 16. Rd1 b5 17. Ne3 Qb7 18. Qe2 Ne5 19. cxb5 axb5 20. Qxb5 Qxb5 21. Nxb5 Rxa2 22. Rf2 Ne8 23. f4 Nc6 24. Bxg7 Rxf2+ 25. Kxf2 Kxg7 26. Nc4 d5 27. exd5 exd5 28. Ne5 Nxe5 29. fxe5 f6 30. Nd4 Ra8 31. e6 f5 32. Nc6 Kf6 33. Rxd5 Kxe6 34. Ra5 Rxa5 35. Nxa5 Kd5 36. Kf3 Kc5 37. Kf4 Kb4 38. Nc6+ Kxb3 39. Kg5 Kc4 40. Kh6 Kd5 41. Ne7+ Ke6 42. Kxh7 Kxe7 43. Kxg6 Ke6 44. h4 Nf6 45. h5 Nxh5 46. Kxh5 1/2-1/2

[Event "Berliner Sommer 08th"]
[Site "Berlin"]
[Date "1990.??.??"]
[Round "3"]
[White "Bagirov, Vladimir"]
[Black "Graf, Juergen"]
[Result "1-0"]
[WhiteElo "2470"]
[BlackElo "2425"]
[PlyCount "57"]
[EventDate "1990.08.11"]
[EventType "swiss"]
[EventRounds "9"]
[EventCountry "GER"]
[SourceTitle "EXT 1997"]
[Source "ChessBase"]
[SourceDate "1996.11.15"]
[SourceVersion "1"]
[SourceVersionDate "1996.11.15"]
[SourceQuality "1"]

1. b3 e5 2. Bb2 Nc6 3. e3 Nf6 4. Bb5 d6 5. Ne2 Bd7 6. f4 e4 7. Ng3 Nb8 8. Bxf6 Qxf6 9. Bxd7+ Nxd7 10. Nc3 c6 11. Ncxe4 Qd8 12. c4 Nf6 13. Qf3 Be7 14. Rc1 Qd7 15. 0-0 0-0 16. Nxf6+ Bxf6 17. Nh5 Be7 18. f5 f6 19. Qg4 Rf7 20. Nf4 Bf8 21. Ne6 Re8 22. e4 Rc8 23. Rc3 Re8 24. Rh3 Rfe7 25. Rf4 Kh8 26. Qg6 h6 27. Rg4 Rxe6 28. Rxh6+ Kg8 29. Rgh4 1-0

[Event "Geneve-B"]
[Site "Geneve"]
[Date "1990.??.??"]
[Round "1"]
[White "Giertz, Niklaus"]
[Black "Graf, Juergen"]
[Result "1/2-1/2"]
[WhiteElo "2305"]
[BlackElo "2425"]
[PlyCount "50"]
[EventDate "1990.??.??"]
[EventType "schev"]
[EventRounds "5"]
[EventCountry "SUI"]
[SourceTitle "EXT 1997"]
[Source "ChessBase"]
[SourceDate "1996.11.15"]
[SourceVersion "1"]
[SourceVersionDate "1996.11.15"]
[SourceQuality "1"]

1. d4 Nf6 2. Nf3 g6 3. g3 Bg7 4. Bg2 0-0 5. 0-0 d6 6. Nbd2 Nc6 7. e4 e5 8. dxe5 dxe5 9. c3 h6 10. Re1 Be6 11. b4 a5 12. b5 Na7 13. a4 Nd7 14. Ba3 Re8 15. Bf1 Nc8 16. Bc4 Bf8 17. Bxf8 Kxf8 18. Bxe6 Rxe6 19. Nc4 Ncb6 20. Qe2 Qe7 21. Nfd2 Qc5 22. Rec1 Nxc4 23. Qxc4 Qxc4 24. Nxc4 Nc5 25. Re1 Rd8 1/2-1/2

[Event "Bundesliga 9091"]
[Site "Germany"]
[Date "1990.??.??"]
[Round "?.3"]
[White "Graf, Juergen"]
[Black "Lau, Ralf"]
[Result "1/2-1/2"]
[WhiteElo "2425"]
[BlackElo "2475"]
[PlyCount "49"]
[EventDate "1990.10.06"]
[EventType "team-tourn"]
[EventRounds "15"]
[EventCountry "GER"]
[SourceTitle "GER-chT"]
[Source "ChessBase"]
[SourceDate "1999.07.01"]
[SourceVersion "1"]
[SourceVersionDate "1999.07.01"]
[SourceQuality "1"]
[WhiteTeam "Kirchheim"]
[BlackTeam "Solingen"]
[WhiteTeamCountry "GER"]
[BlackTeamCountry "GER"]

1. d4 Nf6 2. Nf3 e6 3. c4 b6 4. Nc3 Bb4 5. Bg5 Bb7 6. e3 h6 7. Bh4 Bxc3+ 8. bxc3 Qe7 9. Bd3 d6 10. 0-0 Nbd7 11. Nd2 e5 12. Be4 Bxe4 13. Nxe4 0-0 14. Qc2 Rae8 15. Rae1 g5 16. Nxf6+ Nxf6 17. Bg3 e4 18. f4 Nh5 19. Qd1 Ng7 20. Qa4 a5 21. Qc6 f5 22. fxg5 hxg5 23. c5 bxc5 24. dxc5 dxc5 25. Qxc7 1/2-1/2

[Event "Bundesliga 8990"]
[Site "Germany"]
[Date "1990.??.??"]
[Round "?.1"]
[White "Graf, Juergen"]
[Black "Schmittdiel, Eckhard"]
[Result "1/2-1/2"]
[WhiteElo "2425"]
[BlackElo "2455"]
[PlyCount "44"]
[EventDate "1989.10.??"]
[EventType "team-tourn"]
[EventRounds "15"]
[EventCountry "GER"]
[SourceTitle "GER-chT"]
[Source "ChessBase"]
[SourceDate "1999.07.01"]
[SourceVersion "1"]
[SourceVersionDate "1999.07.01"]
[SourceQuality "1"]
[WhiteTeam "Kirchheim"]
[BlackTeam "Dortmund"]
[WhiteTeamCountry "GER"]
[BlackTeamCountry "GER"]

1. Nf3 Nf6 2. c4 e6 3. Nc3 Bb4 4. Qc2 0-0 5. a3 Bxc3 6. Qxc3 a5 7. b3 b6 8. e3 Bb7 9. Be2 d6 10. Bb2 Nbd7 11. 0-0 Qe7 12. d3 e5 13. b4 Rfe8 14. Qc2 h6 15. Bc3 axb4 16. axb4 Nh7 17. Rxa8 Rxa8 18. Ra1 Qd8 19. Qb2 Ng5 20. Nxg5 hxg5 21. d4 exd4 22. Bxd4 f6 1/2-1/2

[Event "Geneve-B"]
[Site "Geneve"]
[Date "1990.??.??"]
[Round "7"]
[White "Horn, Pascal"]
[Black "Graf, Juergen"]
[Result "1/2-1/2"]
[WhiteElo "2285"]
[BlackElo "2425"]
[PlyCount "81"]
[EventDate "1990.??.??"]
[EventType "schev"]
[EventRounds "5"]
[EventCountry "SUI"]
[SourceTitle "EXT 1997"]
[Source "ChessBase"]
[SourceDate "1996.11.15"]
[SourceVersion "1"]
[SourceVersionDate "1996.11.15"]
[SourceQuality "1"]

1. e4 Nf6 2. Nc3 d5 3. e5 Nfd7 4. f4 e6 5. Nf3 c5 6. d3 Nc6 7. g3 Qc7 8. Bg2 Be7 9. 0-0 a6 10. a4 b6 11. Ne2 Bb7 12. c3 b5 13. Be3 0-0 14. g4 Nb6 15. a5 Nd7 16. d4 f6 17. Bf2 Nxa5 18. f5 fxe5 19. dxe5 exf5 20. Nf4 fxg4 21. Nxd5 Bxd5 22. Qxd5+ Kh8 23. Nh4 Rad8 24. Bg3 Nb6 25. Qe6 Nac4 26. Nf5 Bg5 27. Nd6 Nxd6 28. exd6 Qa7 29. Bc6 Bf6 30. Rxf6 gxf6 31. d7 Nxd7 32. Rd1 Rfe8 33. Qf5 Re7 34. Bxd7 Rdxd7 35. Qxf6+ Kg8 36. Rf1 Rf7 37. Qg5+ Rg7 38. Qf5 Rgf7 39. Qg5+ Rg7 40. Qf5 Rgf7 41. Qg5+ 1/2-1/2

[Event "Bundesliga 9091"]
[Site "Germany"]
[Date "1990.??.??"]
[Round "?.3"]
[White "Mainka, Romuald"]
[Black "Graf, Juergen"]
[Result "1-0"]
[WhiteElo "2435"]
[BlackElo "2425"]
[PlyCount "61"]
[EventDate "1990.10.06"]
[EventType "team-tourn"]
[EventRounds "15"]
[EventCountry "GER"]
[SourceTitle "GER-chT"]
[Source "ChessBase"]
[SourceDate "1999.07.01"]
[SourceVersion "1"]
[SourceVersionDate "1999.07.01"]
[SourceQuality "1"]
[WhiteTeam "Dortmund"]
[BlackTeam "Kirchheim"]
[WhiteTeamCountry "GER"]
[BlackTeamCountry "GER"]

1. e4 Nf6 2. e5 Nd5 3. d4 d6 4. Nf3 Bg4 5. Be2 e6 6. 0-0 Be7 7. c4 Nb6 8. Nc3 0-0 9. Be3 a5 10. b3 d5 11. c5 N6d7 12. Rc1 c6 13. Nd2 Bxe2 14. Qxe2 b6 15. cxb6 Qxb6 16. Qg4 Kh8 17. Nf3 Na6 18. Bg5 Qd8 19. Ne2 c5 20. Rfd1 Rc8 21. Nf4 h6 22. Bxe7 Qxe7 23. Nh5 Rg8 24. Rc3 Kh7 25. h4 g6 26. Nf6+ Nxf6 27. exf6 Qxf6 28. Ng5+ hxg5 29. hxg5 Qh8 30. Rh3+ Kg7 31. dxc5 1-0

[Event "Wch U26"]
[Site "Odessa"]
[Date "1990.??.??"]
[Round "6"]
[White "Ninov, Nikolai"]
[Black "Graf, Juergen"]
[Result "1-0"]
[WhiteElo "2375"]
[BlackElo "2425"]
[PlyCount "81"]
[EventDate "1990.??.??"]
[EventType "swiss"]
[EventRounds "9"]
[EventCountry "URS"]
[SourceTitle "EXT 1997"]
[Source "ChessBase"]
[SourceDate "1996.11.15"]
[SourceVersion "1"]
[SourceVersionDate "1996.11.15"]
[SourceQuality "1"]

1. e4 Nf6 2. e5 Nd5 3. d4 d6 4. Nf3 dxe5 5. Nxe5 Nd7 6. Nf3 N7f6 7. c4 Nb6 8. Nc3 Bg4 9. h3 Bh5 10. g4 Bg6 11. Ne5 e6 12. Bg2 Qc8 13. Qb3 c6 14. Bf4 Nfd7 15. Nxg6 hxg6 16. Ne4 c5 17. dxc5 Nxc5 18. Qb5+ Ncd7 19. c5 a6 20. Qe2 Bxc5 21. Bd6 Bd4 22. 0-0 Qc4 23. Qd2 e5 24. Ba3 Qe6 25. Nd6+ Kf8 26. Nb5+ Kg8 27. Nxd4 exd4 28. Qxd4 Re8 29. Rae1 Qxe1 30. Rxe1 Rxe1+ 31. Kh2 Kh7 32. Bb4 Re6 33. Bxb7 Rhe8 34. Bc3 f6 35. Bxa6 Re4 36. Qd1 Nc5 37. Bb5 R8e6 38. b4 Nb7 39. Bd3 Rf4 40. Kg3 Nd5 41. Bxg6+ 1-0

[Event "Bundesliga 8990"]
[Site "Germany"]
[Date "1990.??.??"]
[Round "?.1"]
[White "Spassky, Boris Vasilievich"]
[Black "Graf, Juergen"]
[Result "1/2-1/2"]
[WhiteElo "2560"]
[BlackElo "2425"]
[PlyCount "80"]
[EventDate "1989.10.??"]
[EventType "team-tourn"]
[EventRounds "15"]
[EventCountry "GER"]
[SourceTitle "GER-chT"]
[Source "ChessBase"]
[SourceDate "1999.07.01"]
[SourceVersion "1"]
[SourceVersionDate "1999.07.01"]
[SourceQuality "1"]
[WhiteTeam "Solingen"]
[BlackTeam "Kirchheim"]
[WhiteTeamCountry "GER"]
[BlackTeamCountry "GER"]

1. e4 Nf6 2. e5 Nd5 3. d4 d6 4. c4 Nb6 5. f4 g6 6. Nc3 dxe5 7. fxe5 Bg7 8. c5 Nd5 9. Bc4 c6 10. Nf3 0-0 11. 0-0 b6 12. Qb3 e6 13. Bg5 Qc7 14. Ne4 Ba6 15. Bxd5 Bxf1 16. Bxe6 Be2 17. Bh3 bxc5 18. Nxc5 Qb6 19. Qc3 Bxf3 20. gxf3 Re8 21. f4 h6 22. Bh4 a5 23. Rc1 Ra7 24. Kh1 Rc7 25. a3 Na6 26. Nxa6 Qxa6 27. d5 g5 28. fxg5 Bxe5 29. Qe3 Qb5 30. gxh6 Qxd5+ 31. Bg2 Qd4 32. Qg5+ Kh8 33. Re1 Rce7 34. Bxc6 Qxb2 35. Qg2 Qxg2+ 36. Kxg2 Rg8+ 37. Kf3 Rc7 38. Rxe5 Rxc6 39. Rxa5 Rxh6 40. Bg3 Rc8 1/2-1/2

[Event "Bundesliga 8990"]
[Site "Germany"]
[Date "1989.??.??"]
[Round "?.2"]
[White "Graf, Juergen"]
[Black "Maus, Soenke"]
[Result "1-0"]
[WhiteElo "2425"]
[BlackElo "2395"]
[PlyCount "69"]
[EventDate "1989.10.??"]
[EventType "team-tourn"]
[EventRounds "15"]
[EventCountry "GER"]
[SourceTitle "GER-chT"]
[Source "ChessBase"]
[SourceDate "1999.07.01"]
[SourceVersion "1"]
[SourceVersionDate "1999.07.01"]
[SourceQuality "1"]
[WhiteTeam "Kirchheim"]
[BlackTeam "Hamburger SK"]
[WhiteTeamCountry "GER"]
[BlackTeamCountry "GER"]

1. d4 Nf6 2. c4 c5 3. d5 e6 4. Nc3 exd5 5. cxd5 d6 6. e4 g6 7. Nf3 Bg7 8. Bg5 a6 9. Nd2 b5 10. Be2 b4 11. Ncb1 0-0 12. 0-0 h6 13. Bh4 g5 14. Bg3 Re8 15. Bd3 h5 16. Nc4 h4 17. Bxd6 Nxe4 18. Bxe4 Rxe4 19. Nbd2 Re8 20. Qh5 Bf5 21. Rfe1 Nd7 22. Rxe8+ Qxe8 23. Qxg5 Bd3 24. Ne3 a5 25. h3 a4 26. Rc1 Ra6 27. Ndc4 Nf6 28. Bxc5 Ne4 29. Qe7 Qc8 30. d6 Nxc5 31. Ne5 Bxe5 32. Qxe5 Rc6 33. Nd5 Qe6 34. Ne7+ Kh7 35. Qxe6 1-0

[Event "Bundesliga 8990"]
[Site "Germany"]
[Date "1989.??.??"]
[Round "?.2"]
[White "Hausner, Ivan"]
[Black "Graf, Juergen"]
[Result "1/2-1/2"]
[WhiteElo "2440"]
[BlackElo "2425"]
[PlyCount "163"]
[EventDate "1989.10.??"]
[EventType "team-tourn"]
[EventRounds "15"]
[EventCountry "GER"]
[SourceTitle "GER-chT"]
[Source "ChessBase"]
[SourceDate "1999.07.01"]
[SourceVersion "1"]
[SourceVersionDate "1999.07.01"]
[SourceQuality "1"]
[WhiteTeam "Delmenhorst"]
[BlackTeam "Kirchheim"]
[WhiteTeamCountry "GER"]
[BlackTeamCountry "GER"]

1. e4 Nf6 2. e5 Nd5 3. d4 d6 4. c4 Nb6 5. exd6 exd6 6. Nc3 Nc6 7. h3 Be7 8. Nf3 0-0 9. Be3 Bf5 10. d5 Ne5 11. Nxe5 dxe5 12. Be2 Nd7 13. 0-0 a5 14. Rc1 Bc5 15. Qd2 Qe7 16. Rfd1 Rfd8 17. Bxc5 Nxc5 18. Qe3 Rd7 19. Bf1 Bg6 20. Re1 Re8 21. Rcd1 f5 22. f4 exf4 23. Qxf4 Ne4 24. Kh2 Qc5 25. Nxe4 fxe4 26. Qe3 Qd6+ 27. Kg1 Qe5 28. c5 Red8 29. Qc3 Qxc3 30. bxc3 Bf7 31. c4 c6 32. d6 Re8 33. Rd4 Bg6 34. Be2 h5 35. Bd1 e3 36. Be2 Re5 37. Bf1 Bf5 38. Kh2 Kf7 39. Be2 g6 40. g4 hxg4 41. hxg4 Be6 42. Bd3 Kf6 43. Kg3 g5 44. a4 Rxc5 45. Rxe3 Re5 46. Rf3+ Kg7 47. Bf5 Kf6 48. Bc2+ Kg7 49. Rc3 c5 50. Rd2 Re1 51. Kf2 Re5 52. Re3 Rxe3 53. Kxe3 Kf6 54. Bf5 Bxf5 55. Rf2 Rxd6 56. Rxf5+ Ke6 57. Rxc5 Rc6 58. Kd4 Rxc5 59. Kxc5 Ke5 60. Kb6 Kd4 61. Kb5 Ke4 62. Kb6 Kd4 63. Kb5 Ke4 64. Kxa5 Kf4 65. Kb6 Kxg4 66. Kxb7 Kf4 67. a5 g4 68. a6 g3 69. a7 g2 70. a8Q g1Q 71. Qf8+ Ke5 72. Qe7+ Kd4 73. c5 Qb1+ 74. Kc7 Kc4 75. c6 Kb5 76. Qe2+ Ka5 77. Qe8 Qb6+ 78. Kd7 Qd4+ 79. Kc8 Kb6 80. c7 Ka7 81. Qh5 Qb4 82. Qf3 1/2-1/2

[Event "Bundesliga 8889"]
[Site "Germany"]
[Date "1989.??.??"]
[Round "?.1"]
[White "Mohr, Stefan"]
[Black "Graf, Juergen"]
[Result "0-1"]
[WhiteElo "2530"]
[BlackElo "2420"]
[PlyCount "100"]
[EventDate "1988.10.??"]
[EventType "team-tourn"]
[EventRounds "15"]
[EventCountry "GER"]
[SourceTitle "GER-chT"]
[Source "ChessBase"]
[SourceDate "1999.07.01"]
[SourceVersion "1"]
[SourceVersionDate "1999.07.01"]
[SourceQuality "1"]
[WhiteTeam "Sindelfingen"]
[BlackTeam "Bochum"]
[WhiteTeamCountry "GER"]
[BlackTeamCountry "GER"]

1. d4 Nf6 2. c4 g6 3. Nc3 Bg7 4. e4 d6 5. Be2 0-0 6. Bg5 h6 7. Be3 e5 8. d5 c6 9. Qd2 h5 10. h3 a6 11. a4 a5 12. Nf3 cxd5 13. cxd5 Na6 14. 0-0 b6 15. Bb5 Nc5 16. Qc2 Nh7 17. Nd2 f5 18. exf5 Bxf5 19. Nde4 Rc8 20. Bd3 Qd7 21. Bxc5 bxc5 22. Qe2 Nf6 23. Ng5 Bh6 24. Ne6 Rf7 25. Rad1 Nxd5 26. Nxd5 Bxd3 27. Qxd3 Qxe6 28. Qc4 Rcf8 29. Nb6 Qe7 30. Qd5 Kh7 31. Nc4 Rf6 32. f3 Rf4 33. Rfe1 Rd4 34. Rxd4 cxd4 35. Qxd4 exd4 36. Rxe7+ Kg8 37. Re6 Rc8 38. b3 d5 39. Ne5 Rc3 40. Kf2 d3 41. Rxg6+ Kh7 42. Rc6 d2 43. Ke2 Re3+ 44. Kxd2 Rxe5+ 45. Kd3 Re3+ 46. Kd4 Rxb3 47. Kxd5 Rb4 48. Rc7+ Bg7 49. Rc4 Rxc4 50. Kxc4 h4 0-1

[Event "Pau op"]
[Site "Pau"]
[Date "1988.??.??"]
[Round "6"]
[White "Graf, Juergen"]
[Black "Sahovic, Dragutin"]
[Result "1-0"]
[WhiteElo "2405"]
[BlackElo "2460"]
[PlyCount "89"]
[EventDate "1988.??.??"]
[EventType "swiss"]
[EventRounds "9"]
[EventCountry "FRA"]
[SourceTitle "EXT 1997"]
[Source "ChessBase"]
[SourceDate "1996.11.15"]
[SourceVersion "1"]
[SourceVersionDate "1996.11.15"]
[SourceQuality "1"]

1. d4 Nf6 2. c4 g6 3. Nc3 Bg7 4. e4 d6 5. Nf3 0-0 6. Be2 e5 7. 0-0 Nc6 8. d5 Ne7 9. Nd2 Ne8 10. b4 f5 11. c5 Nf6 12. f3 f4 13. Nc4 g5 14. a4 Ng6 15. Ba3 Rf7 16. b5 Bf8 17. a5 dxc5 18. b6 cxb6 19. axb6 g4 20. fxg4 axb6 21. Rb1 Bd7 22. Bc1 b5 23. Nxb5 Nxe4 24. Qc2 Bxb5 25. Rxb5 Nd6 26. Nxd6 Bxd6 27. Bd3 Rg7 28. Be4 Nf8 29. Bd2 Qd7 30. Rb6 Qc7 31. Rfb1 Ra7 32. h3 c4 33. Kh1 Nd7 34. R6b5 b6 35. Bf5 Nf8 36. Rxb6 Qc5 37. Rc6 Qa3 38. Bc1 Qg3 39. Bb2 Rgb7 40. Rxd6 Ra2 41. Be6+ Nxe6 42. Qf5 Nf8 43. Rd8 Rf7 44. Qg5+ Rg7 45. Rxf8+ 1-0

[Event "Karlsruhe tt"]
[Site "Karlsruhe"]
[Date "1988.??.??"]
[Round "?"]
[White "Panzer, Peter"]
[Black "Graf, Juergen"]
[Result "1/2-1/2"]
[WhiteElo "2275"]
[BlackElo "2390"]
[PlyCount "77"]
[EventDate "1988.??.??"]
[EventType "team"]
[EventRounds "3"]
[EventCountry "GER"]
[SourceTitle "EXT 2001"]
[Source "ChessBase"]
[SourceDate "2000.11.22"]
[SourceVersion "1"]
[SourceVersionDate "2000.11.22"]
[SourceQuality "1"]

1. d4 Nf6 2. c4 g6 3. Nc3 Bg7 4. e4 d6 5. Nf3 0-0 6. Be2 e5 7. 0-0 Nc6 8. d5 Ne7 9. Ne1 Nd7 10. Nd3 f5 11. Bd2 c5 12. a3 Nf6 13. f3 f4 14. b4 b6 15. bxc5 bxc5 16. Rb1 g5 17. Nf2 h5 18. h3 Rf7 19. Rb2 Bf8 20. Qe1 Rg7 21. Nb5 a5 22. Nc3 Bd7 23. Qb1 Ng6 24. Rb7 Nh4 25. Be1 Be7 26. Nb5 g4 27. fxg4 hxg4 28. Nxg4 Nxg4 29. hxg4 Bxg4 30. Bxg4 Rxg4 31. g3 Qf8 32. Nc7 Qg7 33. Qb2 Rc8 34. Ne6 Rxg3+ 35. Bxg3 Qxg3+ 36. Kh1 Qh3+ 37. Kg1 Qg3+ 38. Kh1 Qh3+ 39. Kg1 1/2-1/2

[Event "Bundesliga 8788"]
[Site "Germany"]
[Date "1988.??.??"]
[Round "?.2"]
[White "Sandkamp, Ralph"]
[Black "Graf, Juergen"]
[Result "0-1"]
[WhiteElo "2255"]
[BlackElo "2390"]
[PlyCount "54"]
[EventDate "1987.10.??"]
[EventType "team-tourn"]
[EventRounds "15"]
[EventCountry "GER"]
[SourceTitle "GER-chT"]
[Source "ChessBase"]
[SourceDate "1999.07.01"]
[SourceVersion "1"]
[SourceVersionDate "1999.07.01"]
[SourceQuality "1"]
[WhiteTeam "Wattenscheid"]
[BlackTeam "Bochum"]
[WhiteTeamCountry "GER"]
[BlackTeamCountry "GER"]

1. e4 Nf6 2. e5 Nd5 3. d4 d6 4. Nf3 Bg4 5. h3 Bxf3 6. Qxf3 dxe5 7. dxe5 e6 8. a3 c6 9. Nd2 Nd7 10. Qg3 Ne7 11. Nc4 Nf5 12. Qc3 Nb6 13. Nxb6 axb6 14. Bd3 Qd5 15. Rg1 Bc5 16. Bxf5 exf5 17. Be3 Rd8 18. Ke2 Bxe3 19. fxe3 0-0 20. Rad1 Qe4 21. Rd4 Rxd4 22. Qxd4 Qxc2+ 23. Kf3 c5 24. Qd5 Qxb2 25. Rd1 h6 26. Qxb7 Qxe5 27. Rb1 Re8 0-1

[Event "Bundesliga 8788"]
[Site "Germany"]
[Date "1988.??.??"]
[Round "?.2"]
[White "Steinbacher, Matthias"]
[Black "Graf, Juergen"]
[Result "0-1"]
[WhiteElo "2275"]
[BlackElo "2390"]
[PlyCount "104"]
[EventDate "1987.10.??"]
[EventType "team-tourn"]
[EventRounds "15"]
[EventCountry "GER"]
[SourceTitle "GER-chT"]
[Source "ChessBase"]
[SourceDate "1999.07.01"]
[SourceVersion "1"]
[SourceVersionDate "1999.07.01"]
[SourceQuality "1"]
[WhiteTeam "Heidelberg"]
[BlackTeam "Bochum"]
[WhiteTeamCountry "GER"]
[BlackTeamCountry "GER"]

1. e4 Nf6 2. d3 d5 3. e5 Nfd7 4. f4 c5 5. g3 Nc6 6. Bg2 e6 7. Nf3 Qc7 8. 0-0 Be7 9. c4 Nb6 10. Nc3 dxc4 11. dxc4 Nxc4 12. Qe2 Nb6 13. f5 exf5 14. Nb5 Qb8 15. e6 Bxe6 16. Bf4 Qc8 17. Nc7+ Kf8 18. Nxa8 Qxa8 19. Rac1 h6 20. Rfd1 Nd5 21. Be5 Kg8 22. b3 Kh7 23. Bb2 Rd8 24. Kh1 Qb8 25. Ne5 Nd4 26. Bxd4 cxd4 27. Rxd4 Bf6 28. Re1 Nc3 29. Rxd8 Qxd8 30. Qd3 Nxa2 31. Qxd8 Bxd8 32. Rd1 Bf6 33. Nd7 Be7 34. Bxb7 Bxb3 35. Re1 Be6 36. Ne5 Bf6 37. Nd3 Bc3 38. Re3 Nb4 39. Nxb4 Bxb4 40. Rd3 a5 41. Bd5 Kg6 42. Bxe6 fxe6 43. Rd7 Kf6 44. Kg2 g5 45. h3 h5 46. Kf3 g4+ 47. hxg4 hxg4+ 48. Ke2 Ke5 49. Kd3 Be1 50. Ke2 Bxg3 51. Ra7 Kf4 52. Rxa5 e5 0-1